| 000 | 00611nam a2200241 a 4500 | ||
|---|---|---|---|
| 001 | BRCA_7393 | ||
| 005 | 20190320205823.0 | ||
| 008 | 220313s1943----mx-#######---#000-0#spa-# | ||
| 041 | _aspa | ||
| 044 | _amx | ||
| 050 | 4 |
_aRC535 _b.P48 1943 |
|
| 100 | 1 |
_aPetters, Harry _918245 |
|
| 245 | 1 | 0 |
_aMiedo _bconsejos prácticos para nerviosos _cpor Harry Petters. |
| 260 |
_aMéxico _bOrbis _c1943 |
||
| 300 | _a78 p. | ||
| 500 | _aQ105 | ||
| 650 | 1 | 4 |
_aMiedo _918246 |
| 650 | 1 | 4 |
_aNeurosis _917706 |
| 650 | 1 | 4 |
_aSexo _917503 |
| 650 | 1 | 4 |
_aSistema nervioso _xenfermedades _917118 |
| 902 | _aGFM | ||
| 942 |
_2lcc _cB |
||
| 999 |
_c7069 _d7069 |
||